00549nam a22001457a 4500020001800000040000900018082001700027100002700044245002900071260003700100650012100137942001200258999001900270952011400289 a9781782745297 cNUST a358.4183 NEW aNewdick, Thomas982093 aTop 50 Military Aircraft aLondon:bAmber Books Ltd,c2017. aAirplanes, Military -- Encyclopedias -- Pictorial works. Airplanes, Military -- History. Airplanes, Military.988984 2ddccBK c586402d586402 00102ddc4070aCEMEbCEMEcGENd2021-09-03o358.4183 NEW (KIDS SEC)pCEME-50572r2021-09-03w2021-09-03yBK